Ordenanzas fiscales / Ayuntamiento de Lérida
Descripción Física:
[268] f. en diverses paginacions ; 21'5 cm
Materias:
Impostos locals -- Lleida
MARC
| LEADER | 00000nam a2200000Ia 4500 | ||
|---|---|---|---|
| 001 | 1199 | ||
| 008 | 160829s1978 xx 000 0 cat d | ||
| 080 | |a M-2-123 | ||
| 110 | 1 | |a Lleida (Catalunya). |b Ajuntament |9 54073 | |
| 245 | |a Ordenanzas fiscales / Ayuntamiento de Lérida | ||
| 260 | |a Lérida : |b Ayuntamiento, |c 1978 | ||
| 300 | |a [268] f. en diverses paginacions ; |c 21'5 cm | ||
| 650 | |a Impostos locals |x Lleida |9 24981 | ||
| 901 | |a Arxiu | ||
| 942 | |n 1 | ||
| 952 | |0 0 |1 0 |4 0 |6 M2123 |7 1 |9 43400 |a Arxiu |b Arxiu |d 2016-12-01 |l 0 |o M-2-123 |p 1199 |r 2016-12-01 00:00:00 |w 2016-12-01 |y ARXIU | ||
| 999 | |c 45946 |d 45946 | ||